000 00481cam a2200193ua 4500
020 _c50.00
041 _aeng
_h
082 _a539.7
_bTHO/EL
100 _aThomson, J .
245 _aElectron physics and technology /
_cJ.Thomson.
_hTextual Documents
250 _a1 /
_b.
260 _aLondon :
_bThe English University Press Ltd ,
_c1959.
300 _a527 ; .
365 _a50.00
504 _a
700 1 _acallick, E.B .
942 _cBK
999 _c1664
_d1664